[Event "42nd Arco Festival 2020"]
[Site "Arco"]
[Date "2020.10.16"]
[Round "7.16"]
[White "Calavalle, Giulio"]
[Black "Schoebel-Kroehn, Lucas"]
[Result "1-0"]
[WhiteElo "2229"]
[BlackElo "1964"]
[Annotator "ChessBase"]
[PlyCount "129"]
[EventDate "2020.10.10"]
[EventType "swiss"]
[EventCountry "ITA"]
[SourceTitle "playchess.com"]
[Source "ChessBase"]
[SourceQuality "1"]
[TimeControl "40/5400+30:1800+30"]

1. e4 c5 2. Nc3 Nc6 3. Nge2 g6 4. g3 Bg7 5. Bg2 d6 6. O-O Rb8 7. d3 b5 8. f4 b4 9. Nd5 e6 10. Ne3 Nge7 11. c3 O-O 12. f5 f6 13. Nf4 bxc3 14. bxc3 e5 15. Nfd5 Nxd5 16. Nxd5 Ne7 17. Ne3 Nc6 18. Nd5 Ne7 19. Ne3 Qa5 20. Qc2 Bd7 21. a4 Qa6 22. g4 Bh6 23. Nc4 Bxc1 24. Rfxc1 g5 25. Ne3 Be8 26. Bf1 Qc6 27. Bg2 Bf7 28. Rcb1 Qc7 29. Bf3 Rxb1+ 30. Rxb1 Rb8 31. Rb2 Kf8 32. h4 h6 33. hxg5 hxg5 34. Kf2 Rxb2 35. Qxb2 Qb6 36. Qd2 Qb3 37. Bd1 Qa2 38. Qxa2 Bxa2 39. c4 Nc6 40. Nd5 Nb4 41. Nxf6 Nxd3+ 42. Ke3 Nb2 43. Be2 Nxc4+ 44. Bxc4 Bxc4 45. Nh7+ Kg8 46. Nxg5 a5 47. Nf3 Bb3 48. Nd2 Bxa4 49. Nc4 Bd1 50. g5 a4 51. Kd2 Bb3 52. Nxd6 a3 53. Kc3 Ba4 54. f6 a2 55. Kb2 Bb3 56. g6 Be6 57. Nb7 Bc4 58. Nxc5 Kf8 59. Nd7+ Ke8 60. Nxe5 Be6 61. Nd3 Bc4 62. Nc5 Kf8 63. e5 Ke8 64. f7+ Kf8 65. Nd7+ 1-0

[Event "42nd Arco Festival 2020"]
[Site "Arco"]
[Date "2020.10.16"]
[Round "7.17"]
[White "Urh, Zala"]
[Black "Kostov, Kiril"]
[Result "1-0"]
[WhiteElo "2195"]
[BlackElo "1894"]
[Annotator "ChessBase"]
[PlyCount "183"]
[EventDate "2020.10.10"]
[EventType "swiss"]
[EventCountry "ITA"]
[SourceTitle "playchess.com"]
[Source "ChessBase"]
[SourceQuality "1"]
[TimeControl "40/5400+30:1800+30"]

1. d4 d5 2. c4 e6 3. Nc3 Nf6 4. cxd5 exd5 5. Bg5 c6 6. e3 Be7 7. Bd3 Nbd7 8. Nge2 Nh5 9. Bxe7 Qxe7 10. g4 Nhf6 11. Ng3 g6 12. g5 Ng8 13. h4 h6 14. gxh6 Ndf6 15. Qe2 Rxh6 16. O-O-O Be6 17. Na4 Nd7 18. h5 gxh5 19. Nxh5 O-O-O 20. Nf4 Rxh1 21. Rxh1 b5 22. Bxb5 cxb5 23. Qxb5 Qd6 24. Kb1 Bf5+ 25. Ka1 Nb6 26. Rc1+ Kb7 27. Nc5+ Ka8 28. a4 Rb8 29. Na6 Bd7 30. Qc5 Qxc5 31. dxc5 Rc8 32. b3 Be6 33. Kb2 Nd7 34. b4 Nb8 35. Nxb8 Kxb8 36. b5 Nf6 37. Ka3 Ne4 38. Nd3 f6 39. Kb4 Rh8 40. c6 Nd2 41. Nf4 Rh4 42. Rd1 Ne4 43. f3 Ng5 44. Kc5 Bf7 45. a5 Nxf3 46. b6 a6 47. c7+ Kb7 48. Kd6 Ne5 49. Rc1 Rh8 50. Nxd5 Bxd5 51. Kxd5 Re8 52. e4 Kc8 53. Rf1 Nd7 54. Rc1 Ne5 55. Rh1 Nf7 56. Rh7 Re5+ 57. Kd4 Re7 58. Rg7 Kb7 59. Rg8 Nd6 60. Rb8+ Kc6 61. c8=Q+ Nxc8 62. Rxc8+ Kb5 63. Rc5+ Kb4 64. Rd5 Rb7 65. Ke3 Ka4 66. Kf4 Rf7 67. Kf5 Re7 68. Rc5 Re8 69. b7 Rb8 70. Kxf6 Rxb7 71. e5 Kb4 72. Rd5 Kc4 73. Rd1 Rb2 74. e6 Kb5 75. Ra1 Rf2+ 76. Kg7 Kc6 77. Rd1 Kb5 78. e7 Re2 79. Kf7 Kxa5 80. e8=Q Rxe8 81. Kxe8 Kb4 82. Kd7 a5 83. Kc6 a4 84. Rd4+ Kb3 85. Kb5 a3 86. Rd3+ Kb2 87. Kb4 a2 88. Rd2+ Kb1 89. Kb3 a1=N+ 90. Kc3 Kc1 91. Rh2 Kb1 92. Rg2 1-0

[Event "42nd Arco Festival 2020"]
[Site "Arco"]
[Date "2020.10.16"]
[Round "7.18"]
[White "Astengo, Corrado"]
[Black "Davini, Andrea"]
[Result "1-0"]
[WhiteElo "2093"]
[BlackElo "1884"]
[Annotator "NA"]
[PlyCount "73"]
[EventDate "2020.10.10"]
[EventType "swiss"]
[EventCountry "ITA"]
[SourceTitle "playchess.com"]
[Source "ChessBase"]
[SourceQuality "1"]
[TimeControl "40/5400+30:1800+30"]

1. e4 Nf6 2. e5 Nd5 3. d4 d6 4. Nf3 dxe5 5. Nxe5 c6 6. Bc4 Be6 7. O-O g6 8. Nd2 Bg7 9. Ndf3 O-O 10. Re1 h6 11. Nxg6 fxg6 12. Rxe6 Kh7 13. Bd3 Rf6 14. Qe2 Qg8 15. Rxf6 exf6 16. Bd2 Nd7 17. Nh4 Nf8 18. Re1 f5 19. c4 Nf6 20. Qe7 N8d7 21. Nxf5 Re8 22. Qxg7+ Qxg7 23. Nxg7 Kxg7 24. Rxe8 Nxe8 25. Kf1 Nc7 26. Ke2 g5 27. Bf5 Nb6 28. Ba5 Ne8 29. Bxb6 axb6 30. Kd3 c5 31. a3 Kf6 32. Be4 Nd6 33. b4 b5 34. dxc5 bxc4+ 35. Kd4 Nb5+ 36. Kxc4 Nxa3+ 37. Kb3 1-0

[Event "42nd Arco Festival 2020"]
[Site "Arco"]
[Date "2020.10.17"]
[Round "8.1"]
[White "Moroni, Luca Jr"]
[Black "Molina, Fabrizio"]
[Result "1-0"]
[WhiteElo "2551"]
[BlackElo "2181"]
[Annotator "TA"]
[PlyCount "79"]
[EventDate "2020.10.10"]
[EventType "swiss"]
[EventCountry "ITA"]
[SourceTitle "playchess.com"]
[Source "ChessBase"]
[SourceQuality "1"]

{[%evp 9,79,30,43,36,47,37,37,41,44,45,41,38,55,33,47,31,47,43,64,43,62,62,72,64,72,60,94,45,57,59,40,60,71,103,79,22,162,124,102,110,120,60,237,230,237,233,243,249,214,231,266,225,210,212,375,376,523,500,571,505,652,638,935,879,29980,29981,29980,29981,5775,5214,6693,5680]} 1. e4 d6 2. d4 Nf6 3. Bd3 e5 4. d5 Be7 5. c4 h6 6. Nc3 {B07: Pirc Defence: Miscellaneous Systems.} Nh7 {[#]} 7. b3 $146 ({Predecessor:} 7. Nge2 Bg5 8. a3 Bxc1 9. Rxc1 O-O 10. Ng3 a5 11. Qd2 a4 12. Bc2 Bd7 13. O-O {0-1 (36) Vonhoff,N (2004)-Rogozenco,T (2169) Lueneburg 2017}) 7... O-O 8. Nge2 {White is slightly better.} Bg5 9. Bb2 a5 10. a3 Na6 11. O-O Bg4 12. Kh1 Nc5 13. Bc2 g6 14. f3 Bc8 15. b4 Nd7 16. Nb5 Nb6 17. Bd3 $36 {[%mdl 2048] White has good play.} c6 18. Nbc3 cxd5 19. exd5 Bf5 20. f4 Bxd3 21. Qxd3 Bf6 22. f5 (22. Ne4 $16) 22... gxf5 (22... e4 $1 $11 23. Qxe4 g5) 23. c5 (23. Rxf5 $6 axb4 24. axb4 Rxa1+ 25. Bxa1 Bg7 $11) (23. Qxf5 Bg7 $11) 23... axb4 24. axb4 Rxa1 25. Bxa1 (25. Rxa1 $16 Nc8 26. Qxf5) 25... Nd7 $2 {[#]} ({Black should try} 25... dxc5 $14 26. bxc5 Nd7) 26. c6 $1 $18 ({Not} 26. Rxf5 dxc5 27. bxc5 Nxc5 $11) ({Weaker is} 26. cxd6 f4 $14) (26. Qxf5 dxc5 27. Ne4 cxb4 $14) 26... Nb6 27. Qxf5 bxc6 28. dxc6 Qc8 {[#]} 29. Qf3 $1 Bg7 {With the idea ...Ng5.} 30. Nd5 Nxd5 31. Qxd5 Qc7 $2 (31... Nf6 {keeps fighting.} 32. Qxd6 Qa6) 32. Ng3 Ra8 33. Nf5 Bf8 34. b5 Ng5 35. Bc3 Ra4 36. Bd2 Qb6 37. Bxg5 Qf2 38. Qf3 (38. Rxf2 {is a self mate.} Ra1+ 39. Bc1 Rxc1+ 40. Qd1 Rxd1+ 41. Rf1 Rxf1#) 38... Qxf3 39. gxf3 hxg5 40. c7 {Av CentiPawn Loss W=-56/B=616. Weighted=-37/191} 1-0

[Event "42nd Arco Festival 2020"]
[Site "Arco"]
[Date "2020.10.17"]
[Round "8.2"]
[White "Ruzic, Pia Marie"]
[Black "Siebrecht, Sebastian"]
[Result "0-1"]
[WhiteElo "1929"]
[BlackElo "2416"]
[Annotator "TA"]
[PlyCount "86"]
[EventDate "2020.10.10"]
[EventType "swiss"]
[EventCountry "ITA"]
[SourceTitle "playchess.com"]
[Source "ChessBase"]
[SourceQuality "1"]

{[%evp 13,86,33,40,-12,0,-35,41,19,184,167,172,104,116,110,92,31,25,33,33,2,60,25,48,0,49,0,0,-25,-24,-68,-77,-253,-240,-225,-188,-205,-205,-201,-192,-212,-193,-205,-200,-267,-194,-335,-343,-309,-224,-217,-206,-209,-218,-300,-292,-270,-285,-282,-284,-311,-323,-309,-284,-424,-341,-484,-486,-502,-502,-501,-499,-485,-478,-463,-455]} 1. c4 e5 2. Nc3 Nc6 3. Nf3 f5 4. d4 e4 5. Ng5 h6 6. Nh3 g5 7. e3 Nf6 8. Be2 {A27: English Opening: Three Knights Variation.} (8. Ng1 $14) 8... Bb4 $11 9. Bd2 O-O {[#]} ({Black should play} 9... Bxc3 $15 10. bxc3 O-O) 10. d5 $146 {White is slightly better.} ({Predecessor:} 10. Qc2 Bxc3 11. bxc3 d6 12. O-O-O Qe7 13. Ng1 Ng4 14. Rf1 Bd7 15. h3 Nf6 16. Rh2 {0-1 (31) Carvalho,G (2239)-Garcia,G (2431) Turin 2006}) 10... Bxc3 $2 (10... Ne5 $11) 11. Bxc3 $18 ({Inferior is} 11. bxc3 Ne5 $17) 11... Ne7 12. Qc2 ({Better is} 12. d6 $18) 12... d6 13. O-O-O Ng6 14. Ng1 (14. f4 $16) 14... Qe7 $14 15. h4 g4 $1 16. Bd4 Nd7 (16... c6 $11) 17. f3 h5 18. Rf1 Nc5 (18... c5 {seems wilder.} 19. Bc3 b5 20. cxb5 exf3 21. gxf3 Qxe3+ 22. Bd2 Qd4) 19. fxg4 fxg4 20. Rxf8+ Qxf8 21. Nh3 gxh3 {White is on the road to losing.} 22. Bxh5 $2 (22. gxh3 $17 Qf2 23. b4) 22... Nd3+ 23. Kb1 Qf2 24. gxh3 {[#]} Qxc2+ $1 ({Stronger than} 24... Nxh4 25. Qd1 $11) 25. Kxc2 Nge5 26. Be2 Bf5 27. Rg1+ Kh7 28. b3 Bxh3 29. Bxd3 (29. Kc3 {was worth a try.}) 29... exd3+ $19 ({Weaker is} 29... Nxd3 30. Rg7+ Kh6 31. Rxc7 $15) 30. Kc3 {If White can now play Bxe5 this consolidates a bit.} Bf5 {Strongly threatening ...Nf3.} 31. Rf1 Kg6 32. Rf4 Rh8 33. b4 {[#]} d2 $1 {[%mdl 64] Decoy} 34. Kxd2 Nxc4+ 35. Kc3 Ne5 36. a4 a6 37. a5 Re8 38. Rf1 (38. e4 $142 Bh3 39. Bxe5 Rxe5 40. Rf3) 38... Ng4 39. Rg1 (39. Kd2 $142) 39... Kh5 {Black is clearly winning.} 40. Kd2 Kxh4 41. Rc1 Re7 42. Rh1+ Kg5 43. Rh8 Be4 {Av CentiPawn Loss W=-34/B=-19. Weighted=-34/-22} 0-1

[Event "42nd Arco Festival 2020"]
[Site "Arco"]
[Date "2020.10.17"]
[Round "8.3"]
[White "Romanishin, Oleg M"]
[Black "Sedina, Elena"]
[Result "1-0"]
[WhiteElo "2403"]
[BlackElo "2299"]
[Annotator "TA"]
[PlyCount "77"]
[EventDate "2020.10.10"]
[EventType "swiss"]
[EventCountry "ITA"]
[SourceTitle "playchess.com"]
[Source "ChessBase"]
[SourceQuality "1"]

{[%evp 9,77,27,26,26,44,40,100,92,130,108,148,142,214,212,199,138,147,143,135,130,130,122,124,116,115,56,116,119,170,179,232,232,235,222,225,191,187,177,209,190,215,199,201,218,214,190,190,191,231,226,223,216,293,276,399,382,496,495,455,356,360,352,544,520,1045,1018,1229,1260,1094,788]} 1. Nf3 d5 2. g3 Bg4 3. Bg2 Nd7 4. c4 e6 5. Qb3 Nc5 6. Qe3 {A07: Réti Opening: New York and Capablanca Systems.} Be7 7. d4 {[#]} Ne4 $146 (7... Nd7 $14) ({Predecessor:} 7... Nd7 8. Qb3 Ngf6 9. Ne5 Nxe5 10. dxe5 Nd7 11. cxd5 exd5 12. Qxb7 Nxe5 13. Qxd5 Qxd5 14. Bxd5 {0-1 (41) Maletin,P (2567)-Rublevsky,S (2679) Krasnoyarsk 2007}) 8. Qb3 $16 {White is better.} Rb8 9. Ne5 Bf5 10. f3 dxc4 {[#]} (10... Nef6 $16) 11. Qa4+ $1 $18 ({Don't do} 11. Nxc4 $6 Nd6 $16) 11... b5 12. Qd1 (12. Qa5 $18 Nd6 13. Nc6 (13. Qxa7 Rb7 $11)) 12... Bb4+ 13. Kf1 Qd5 14. fxe4 Bxe4 15. Bxe4 Qxe4 16. Nf3 Nf6 17. Nc3 (17. a3 $16 Bd6 18. Nc3) 17... Qb7 (17... Bxc3 $1 $14 18. bxc3 O-O) 18. Bg5 $16 Be7 (18... Nd7 $16 {is a better defense.} 19. a4 a6 20. axb5 axb5) 19. Qc2 $18 h6 (19... O-O $142 20. Bxf6 Bxf6) 20. Bxf6 $1 Bxf6 21. Qe4 c6 22. Kg2 O-O 23. Rhf1 Rfd8 24. e3 Qc7 25. Qf4 Qxf4 26. gxf4 Be7 27. Rad1 f6 28. Kf2 g5 29. fxg5 hxg5 30. Ke2 Kg7 31. Rg1 Kf7 (31... b4 $142) 32. Rdf1 Ke8 33. h4 gxh4 34. Nxh4 f5 35. Ng6 Bf6 {[#]} (35... Bd6 $142 36. e4 Rb7 37. exf5 exf5 38. Rxf5 Rf7) 36. Ne4 $1 {[%mdl 576] Pin. White is clearly winning.} Be7 (36... Bg7 $142 37. Nf4 Bh6 38. Nxe6 fxe4 39. Nxd8 Rxd8) (36... fxe4 37. Rxf6) 37. Nxe7 Kxe7 38. Rg7+ Kf8 39. Rh7 {Av CentiPawn Loss W=-23/B=-45. Weighted=-17/-48} 1-0

[Event "42nd Arco Festival 2020"]
[Site "Arco"]
[Date "2020.10.17"]
[Round "8.4"]
[White "Mantovani, Renzo"]
[Black "Heinert, Eugen"]
[Result "1-0"]
[WhiteElo "2294"]
[BlackElo "2204"]
[Annotator "TA"]
[PlyCount "93"]
[EventDate "2020.10.10"]
[EventType "swiss"]
[EventCountry "ITA"]
[SourceTitle "playchess.com"]
[Source "ChessBase"]
[SourceQuality "1"]

{[%evp 13,93,11,19,8,10,9,14,14,64,64,70,74,75,65,65,62,67,69,131,128,117,119,132,125,109,108,235,90,246,242,256,254,251,233,244,208,196,200,220,234,232,218,278,277,398,347,430,386,744,654,668,648,811,775,1312,1310,1149,1054,1024,1285,1285,935,960,537,1250,1193,1732,1712,1629,1498,29981,29982,29982,29983,29983,29983,29984,29985,29985,29986,29989,29990]} 1. e4 e6 2. d4 d5 3. Nc3 Bb4 4. exd5 exd5 5. Bd3 Nc6 {[%cal Bb8c6,Bc6a5,Ba5c4][%mdl 32]} 6. a3 Bxc3+ 7. bxc3 Nf6 8. h3 {C01: French: Exchange Variation.} O-O 9. Qf3 {[#]} Na5 $146 ({Predecessor:} 9... Re8+ 10. Ne2 Ne4 11. O-O f5 12. Bf4 Be6 13. Rab1 b6 14. Rfe1 Qf6 15. Ba6 Bf7 {0-1 (40) Cunha,E (2334)-Skorna,U (2300) ICCF email 2009}) 10. Ne2 {The position is equal.} Qd6 11. O-O Qc6 12. Ng3 Re8 13. Bf4 Nc4 14. Rfe1 Rxe1+ 15. Rxe1 {Nh5 is the strong threat.} Be6 ({Black should play} 15... Bd7 $14) 16. Nh5 $16 Nxh5 17. Qxh5 f5 18. Rxe6 Qxe6 19. Bxf5 Qe1+ {[%mdl 64] Double Attack} 20. Kh2 g6 $2 {[#]} (20... h6 $16 {might work better.}) 21. Bxg6 $1 $18 {[%mdl 576] Discovered Attack} hxg6 22. Qxd5+ {[%mdl 64] Double Attack} Kg7 {Threatens to win with ...Rf8.} 23. Qxc4 {[%mdl 4096] Endgame KQR-KQB} ({Not} 23. Bxc7 Qe7 $17) 23... Qe7 24. Qd5 ({Worse is} 24. Qxc7 Qxc7 25. Bxc7 Rc8 $11) 24... c6 25. Be5+ Kh7 26. Qe4 Rf8 27. f3 Rf5 28. c4 c5 (28... Rf8 $142 29. f4 Qf7) 29. c3 b6 30. a4 Qe6 $2 (30... Qf7 31. h4 Kh6) 31. g4 Rf8 32. d5 Qd7 33. Kg3 Qxa4 34. g5 Qd7 35. Qh4+ Kg8 36. Qh8+ Kf7 37. Qg7+ Ke8 38. Qxg6+ Kd8 39. f4 Kc8 40. h4 Kb7 41. h5 a5 {[#]} 42. Qc6+ $1 {White mates.} Qxc6 43. dxc6+ Kxc6 44. h6 a4 45. g6 a3 46. g7 Rg8 47. h7 {Black did not feel at home in the position after the opening. Av CentiPawn Loss W=-33/B=-92. Weighted=-30/-73} 1-0

[Event "42nd Arco Festival 2020"]
[Site "Arco"]
[Date "2020.10.16"]
[Round "8.5"]
[White "Perestjuk, Marko"]
[Black "Dittmar, Peter"]
[Result "1/2-1/2"]
[WhiteElo "2124"]
[BlackElo "2222"]
[Annotator "ChessBase"]
[PlyCount "46"]
[EventDate "2020.10.10"]
[EventType "swiss"]
[EventCountry "ITA"]
[SourceTitle "playchess.com"]
[Source "ChessBase"]
[SourceQuality "1"]
[TimeControl "40/5400+30:1800+30"]

1. e4 e6 2. d4 d5 3. Nc3 Bb4 4. exd5 exd5 5. Bd3 Nc6 6. a3 Bxc3+ 7. bxc3 Nge7 8. Qh5 Be6 9. Rb1 b6 10. Nf3 Qd7 11. Ng5 O-O-O 12. Nxe6 Qxe6+ 13. Be3 g6 14. Qf3 Nf5 15. O-O Nxe3 16. Rfe1 Qg4 17. Qxe3 Qd7 18. h4 h5 19. Qf3 f5 20. Re3 Rhe8 21. Rbe1 Rxe3 22. Rxe3 Qf7 23. g3 Rd6 1/2-1/2

[Event "42nd Arco Festival 2020"]
[Site "Arco"]
[Date "2020.10.17"]
[Round "8.6"]
[White "Dittmar, Peter"]
[Black "Kostov, Deyan Samuil"]
[Result "1/2-1/2"]
[WhiteElo "2222"]
[BlackElo "2065"]
[Annotator "TA"]
[PlyCount "124"]
[EventDate "2020.10.10"]
[EventType "swiss"]
[EventCountry "ITA"]
[SourceTitle "playchess.com"]
[Source "ChessBase"]
[SourceQuality "1"]

{[%evp 19,124,42,25,0,13,5,11,11,15,8,12,12,24,20,23,21,24,19,19,21,17,16,20,0,0,0,0,0,0,0,0,0,0,0,0,0,14,17,27,23,32,0,0,0,0,0,7,7,7,0,0,0,10,0,0,0,0,0,0,0,0,0,0,0,0,0,0,0,8,0,0,0,0,0,0,0,0,0,8,0,0,0,74,74,74,0,0,0,0,0,0,0,0,0,0,0,0,0,0,0,0,0,0,0,0,0,0]} 1. c4 e5 2. g3 Nc6 3. Bg2 d6 4. Nc3 g6 5. Nf3 Bg7 6. O-O Nf6 7. d3 O-O 8. Rb1 a5 9. a3 Nd4 10. Nxd4 exd4 11. Nd5 {A26: English Opening vs King's Indian with ...Nc6 and d3.} c6 12. Nxf6+ Bxf6 13. b4 axb4 14. axb4 Re8 {[#]} 15. b5 $146 ({Predecessor:} 15. e4 dxe3 16. Bxe3 Bf5 17. b5 d5 18. bxc6 bxc6 19. cxd5 cxd5 20. Qb3 Be6 {½-½ (20) Steczkowski,K (2275)-Ksieski,Z Zielona Gora 1982}) 15... Qc7 16. bxc6 bxc6 17. Qc2 Bg4 18. Re1 h5 19. h3 Bd7 20. h4 Bg4 21. e3 Bg7 22. e4 c5 23. Bd2 Bd7 24. Ra1 Bc6 25. Bf4 Be5 26. Bg5 Qb7 27. Bh3 Rxa1 28. Rxa1 Ra8 29. Rb1 Qa7 30. Bf1 Rb8 31. Bd2 Rxb1 32. Qxb1 Qb7 (32... Bf6 {keeps more tension.} 33. Bf4 Qc7 34. Be2 Be5 35. Bd2 Bf6) 33. Qxb7 Bxb7 $11 {[%mdl 4096] Endgame KBB-KBB} 34. Be2 Bc8 35. Kg2 Kg7 36. Ba5 Kf8 37. Bd1 Bd7 38. Bc7 Ke7 39. f4 Bg7 40. Bf3 f6 41. Kf2 Be6 42. Ba5 Bh6 43. Bb6 Bg7 44. Bd1 Bd7 45. Kg2 Bh8 46. Kg1 Bg7 47. Bf3 Be6 48. Kf2 Kd7 49. Bd1 Ke7 50. Ba4 Bd7 (50... Bh6 $11) 51. Bxd7 $16 Kxd7 {[#] KB-KB} 52. Kf3 (52. f5 $1 $16 {[%cal Rf5g6]} g5 53. g4 hxg4 54. Kg3 gxh4+ 55. Kxh4) 52... Kc6 {The position is equal.} 53. Bd8 Kd7 54. Ba5 f5 55. Bb6 Kc6 56. Bd8 Kd7 57. Ba5 Bf6 58. Ke2 Kc6 59. Kd1 Kd7 60. Kc2 Kc6 61. Kb3 Kd7 62. Bd2 Kc6 {Av CentiPawn Loss W=-4/B=-3. Weighted=-4/-3} 1/2-1/2

[Event "42nd Arco Festival 2020"]
[Site "Arco"]
[Date "2020.10.17"]
[Round "8.7"]
[White "Podetti, Davide"]
[Black "Perestjuk, Marko"]
[Result "1-0"]
[WhiteElo "2190"]
[BlackElo "2124"]
[Annotator "ChessBase"]
[PlyCount "81"]
[EventDate "2020.10.10"]
[EventType "swiss"]
[EventCountry "ITA"]
[SourceTitle "playchess.com"]
[Source "ChessBase"]
[SourceQuality "1"]
[TimeControl "40/5400+30:1800+30"]

1. e4 c5 2. Nf3 d6 3. d4 cxd4 4. Nxd4 Nf6 5. Nc3 a6 6. Bg5 e6 7. f4 Be7 8. Qf3 Qc7 9. O-O-O O-O 10. g4 b5 11. a3 Nbd7 12. Bxf6 Bxf6 13. g5 Bxd4 14. Rxd4 Rb8 15. Be2 Rb6 16. h4 Bb7 17. h5 Rc8 18. g6 fxg6 19. hxg6 h6 20. Qh3 Nf8 21. Bg4 Qe7 22. Nd5 Bxd5 23. exd5 e5 24. Bxc8 exd4 25. Be6+ Nxe6 26. dxe6 b4 27. Qf5 Qf6 28. Qxf6 gxf6 29. f5 Kg7 30. Kd2 Rb5 31. e7 Rb8 32. Kd3 Re8 33. Re1 h5 34. Kxd4 h4 35. Kd5 h3 36. Ke6 h2 37. Rh1 d5 38. Rxh2 d4 39. Rh7+ Kg8 40. Rf7 a5 41. Rf8+ 1-0

[Event "42nd Arco Festival 2020"]
[Site "Arco"]
[Date "2020.10.17"]
[Round "8.8"]
[White "Lochte, Thomas"]
[Black "Rozman, Monika"]
[Result "0-1"]
[WhiteElo "2045"]
[BlackElo "2129"]
[Annotator "ChessBase"]
[PlyCount "50"]
[EventDate "2020.10.10"]
[EventType "swiss"]
[EventCountry "ITA"]
[SourceTitle "playchess.com"]
[Source "ChessBase"]
[SourceQuality "1"]
[TimeControl "40/5400+30:1800+30"]

1. e4 c5 2. d4 cxd4 3. c3 dxc3 4. Nxc3 Nc6 5. Nf3 e6 6. Bc4 a6 7. O-O Nge7 8. Bg5 f6 9. Be3 Ng6 10. Nd4 Nxd4 11. Qxd4 b5 12. Bb3 Bb7 13. f4 Rc8 14. Rad1 Bc5 15. Qd2 Bxe3+ 16. Qxe3 Qe7 17. Qh3 b4 18. f5 bxc3 19. fxg6 c2 20. Rc1 Bxe4 21. Bxc2 Rxc2 22. Rxc2 Bxc2 23. Rc1 Qc5+ 24. Kh1 Ke7 25. gxh7 Qd6 0-1

[Event "42nd Arco Festival 2020"]
[Site "Arco"]
[Date "2020.10.17"]
[Round "8.9"]
[White "Wollenweber, Carsten"]
[Black "Calavalle, Giulio"]
[Result "0-1"]
[WhiteElo "2071"]
[BlackElo "2229"]
[Annotator "ChessBase"]
[PlyCount "72"]
[EventDate "2020.10.10"]
[EventType "swiss"]
[EventCountry "ITA"]
[SourceTitle "playchess.com"]
[Source "ChessBase"]
[SourceQuality "1"]
[TimeControl "40/5400+30:1800+30"]

1. c4 e5 2. g3 Nc6 3. Bg2 Bc5 4. Nc3 d6 5. e3 Nge7 6. Nge2 Bg4 7. h3 Bh5 8. a3 a5 9. g4 Bg6 10. d4 Bb6 11. d5 Nb8 12. Ng3 f5 13. h4 h6 14. gxf5 Nxf5 15. Qg4 Qf6 16. Be4 O-O 17. Rh2 Na6 18. Na4 Nc5 19. Nxc5 Bxc5 20. Bd2 Rf7 21. O-O-O Bb6 22. Rg1 Kh8 23. Rhg2 Rg8 24. Nh5 Bxh5 25. Qxh5 Rgf8 26. Rg5 Ne7 27. Rg6 Nxg6 28. Rxg6 Qxf2 29. Kc2 Rf6 30. Rg2 Qf1 31. Kc3 a4 32. Qg4 Rg8 33. Bd3 Qf3 34. h5 Qxg4 35. Rxg4 Ba5+ 36. Kc2 Rf2 0-1

[Event "42nd Arco Festival 2020"]
[Site "Arco"]
[Date "2020.10.17"]
[Round "8.10"]
[White "Nazarenus, Moritz"]
[Black "Perez Bolanos, David"]
[Result "1-0"]
[WhiteElo "2224"]
[BlackElo "2031"]
[Annotator "ChessBase"]
[PlyCount "88"]
[EventDate "2020.10.10"]
[EventType "swiss"]
[EventCountry "ITA"]
[SourceTitle "playchess.com"]
[Source "ChessBase"]
[SourceQuality "1"]
[TimeControl "40/5400+30:1800+30"]

1. d4 Nf6 2. c4 e6 3. Nf3 c5 4. d5 exd5 5. cxd5 d6 6. Nc3 g6 7. h3 Bg7 8. e4 O-O 9. Bd3 b5 10. Bxb5 Nxe4 11. Nxe4 Qa5+ 12. Nfd2 Qxb5 13. Nxd6 Qa6 14. N2c4 Nd7 15. O-O Ne5 16. Nxe5 Bxe5 17. Nxc8 Raxc8 18. Re1 Qd6 19. Rb1 Rfd8 20. Bg5 f6 21. Be3 Qxd5 22. Qa4 Qc6 23. Qc4+ Qd5 24. b3 Qxc4 25. bxc4 Rc7 26. Rb5 Bd4 27. Bf4 Rcd7 28. g4 Kf7 29. Kg2 Rc8 30. h4 Rc6 31. Rb8 Ra6 32. Rh8 Kg7 33. Ree8 Rxa2 34. Rhg8+ Kf7 35. Bh6 Re7 36. Rxe7+ Kxe7 37. Rg7+ Ke6 38. Rxh7 Rxf2+ 39. Kg3 Ra2 40. Bf8 Be5+ 41. Kf3 Ra3+ 42. Kf2 Ra2+ 43. Kf3 Ra3+ 44. Kf2 Ra2+ 1-0

[Event "42nd Arco Festival 2020"]
[Site "Arco"]
[Date "2020.10.17"]
[Round "8.11"]
[White "Ruecker, Benjamin"]
[Black "Hagner, Bennet"]
[Result "1/2-1/2"]
[WhiteElo "2202"]
[BlackElo "2080"]
[Annotator "ChessBase"]
[PlyCount "41"]
[EventDate "2020.10.10"]
[EventType "swiss"]
[EventCountry "ITA"]
[SourceTitle "playchess.com"]
[Source "ChessBase"]
[SourceQuality "1"]
[TimeControl "40/5400+30:1800+30"]

1. e4 e5 2. Nf3 Nc6 3. Bb5 a6 4. Ba4 Nf6 5. O-O Be7 6. Re1 b5 7. Bb3 d6 8. a4 Bd7 9. d3 O-O 10. Nbd2 Na5 11. Ba2 c5 12. Nf1 Qb6 13. axb5 axb5 14. Bg5 Be6 15. Bxe6 fxe6 16. c3 h6 17. Be3 Ng4 18. b4 Nxe3 19. fxe3 cxb4 20. cxb4 Nc6 21. Qb3 1/2-1/2